| 000 -LEADER |
| fixed length control field |
00840nam a22001577a 4500 |
| 003 - CONTROL NUMBER IDENTIFIER |
| control field |
OSt |
| 005 - DATE AND TIME OF LATEST TRANSACTION |
| control field |
20151003153553.0 |
| 008 - FIXED-LENGTH DATA ELEMENTS--GENERAL INFORMATION |
| fixed length control field |
151003b xxu||||| |||| 00| 0 eng d |
| 040 ## - CATALOGING SOURCE |
| Transcribing agency |
RUA |
| 082 ## - DEWEY DECIMAL CLASSIFICATION NUMBER |
| Classification number |
AVM OUN 1999 B071 Or.1 |
| 100 ## - MAIN ENTRY--PERSONAL NAME |
| 9 (RLIN) |
1924 |
| Personal name |
OUN, RATTANAK. |
| 245 ## - TITLE STATEMENT |
| Title |
Household pig raising using local feed resources and its improvement in khum bateay krang srok kompong ro svay rieng, ការចិញ្ចឹមជ្រូកជាលក្ខណៈគ្រួសារប្រើប្រាស់ធនធានចំណីក្នុងស្រុក និងលទ្ធភាពកែលំអ នៅឃុំបន្ទាយក្រាំង ស្រុកកំពង់រោទិ៍ ខេត្តស្វាយរៀង |
| 260 ## - PUBLICATION, DISTRIBUTION, ETC. (IMPRINT) |
| Place of publication, distribution, etc. |
Phnom Penh |
| Name of publisher, distributor, etc. |
RUA |
| Date of publication, distribution, etc. |
1999 |
| 300 ## - PHYSICAL DESCRIPTION |
| Extent |
53p. |
| Other physical details |
ill. |
| Dimensions |
29cm. |
| 942 ## - ADDED ENTRY ELEMENTS (KOHA) |
| Source of classification or shelving scheme |
|
| Koha item type |
AVM |